Aplicabilidad inmediata de una nueva ley laboral a situaciones anteriores (Registro nro. 18497)

Detalles MARC
000 -LEADER
fixed length control field 00354 a2200109 4500
001 - CONTROL NUMBER
control field ART_38082
005 - DATE AND TIME OF LATEST TRANSACTION
control field 20260410161738.0
008 - FIXED-LENGTH DATA ELEMENTS--GENERAL INFORMATION
fixed length control field 260409a
100 1# - MAIN ENTRY--PERSONAL NAME
Personal name Capon Filas, Rodolfo E.
245 10 - TITLE STATEMENT
Title Aplicabilidad inmediata de una nueva ley laboral a situaciones anteriores
773 0# - HOST ITEM ENTRY
Title Doctrina laboral
Related parts - Nº 362 (oct. 2015)
Record control number REV4049

No hay ítems disponibles.